Gaming Quiz

Random Gaming or Star Wars Quiz

Star wars the old republic base weapons Quiz Stats

 Plays Quiz not verified by Sporcle

Challenge
Share
Tweet
Embed
Score 0/23 Timer 10:00
0 Plays Today
class weapon % Correct
Smugglerblaster
80.9%
Jedi knightlightsaber
77.2%
Jedi Consularlightsaber
77.2%
Sith Warriorlightsaber
77.2%
Sith Inquisitorlightsaber
77.2%
Jedi Guardianlightsaber
75.3%
Jedi Sagelightsaber
75.3%
Sith Juggernautlightsaber
75.3%
Republic trooperblaster rifle
69.8%
Republic VanguardBlaster rifle
69.8%
Imperial operativeblaster rifle
69.8%
Powertechblaster rifle
67.8%
class weapon % Correct
Scoundrelblaster
65.4%
Imperial snipersniper
60.5%
Bounty hunterblaster rifle
56.8%
Jedi Shadowdouble bladed lightsaber
50.6%
Jedi SentinelDual lightsabers
33.3%
Sith Marauderdual lightsabers
29.6%
Sith Assasindouble bladed saber
19.8%
Mercenarydual blasters
19.1%
Republic Commandoassault cannon
17.9%
Gunslingerdual pistols
16%
Sith Sorcerersingle lightsaber
9.3%

You're not logged in!

Compare scores with friends on all Sporcle quizzes.
OR
Log In

You Might Also Like...

Show Comments

Extras

Top Quizzes Today


Score Distribution

Your Account Isn't Verified!

In order to create a playlist on Sporcle, you need to verify the email address you used during registration. Go to your Sporcle Settings to finish the process.

Report this User

Report this user for behavior that violates our Community Guidelines.

Details: